Current diagnosis & treatment (Record no. 16933)

MARC details
000 -LEADER
fixed length control field 00624nam a22001937a 4500
008 - FIXED-LENGTH DATA ELEMENTS--GENERAL INFORMATION
fixed length control field 180707b xxu||||| |||| 00| 0 eng d
020 ## - INTERNATIONAL STANDARD BOOK NUMBER
International Standard Book Number 0071813808
040 ## - CATALOGING SOURCE
Original cataloging agency KABU
Transcribing agency KABU
050 ## - LIBRARY OF CONGRESS CALL NUMBER
Classification number RC86.7
Item number .C87 2011 c. 1
245 ## - TITLE STATEMENT
Title Current diagnosis & treatment
Remainder of title emergency medicine
Statement of responsibility, etc. edited by C. Keith Stone, Roger L. Humphries
250 ## - EDITION STATEMENT
Edition statement 7th ed.
260 ## - PUBLICATION, DISTRIBUTION, ETC. (IMPRINT)
Place of publication, distribution, etc. New York
Name of publisher, distributor, etc. McGraw-Hill Medical
Date of publication, distribution, etc. 2011
300 ## - PHYSICAL DESCRIPTION
Extent xiii, 1009 p.
650 ## - SUBJECT ADDED ENTRY--TOPICAL TERM
Topical term or geographic name as entry element Emergency medicine
650 ## - SUBJECT ADDED ENTRY--TOPICAL TERM
Topical term or geographic name as entry element Emergency medicine
General subdivision Diagnosis
700 ## - ADDED ENTRY--PERSONAL NAME
Personal name Stone, C. Keith (ed.)
700 ## - ADDED ENTRY--PERSONAL NAME
Personal name Humphries, Roger L.
942 ## - ADDED ENTRY ELEMENTS (KOHA)
Source of classification or shelving scheme Library of Congress Classification
Koha item type General Collection
Edition 7th ed.
Classification part RC86.7
Holdings
Withdrawn status Lost status Source of classification or shelving scheme Not for loan Home library Current library Shelving location Date acquired Cost, normal purchase price Total Checkouts Full call number Barcode Date last seen Date last checked out Copy number Price effective from Koha item type
    Library of Congress Classification   Kabarak, Main Campus Kabarak, Main Campus General Stacks 07/07/2018 4200.00 2 RC86.7 .C87 2011 c. 1 025327 02/06/2022 25/05/2022 c. 1 07/07/2018 General Collection
    Library of Congress Classification   Kabarak, Main Campus Kabarak, Main Campus General Stacks 07/07/2018 4200.00 1 RC86.7 .C87 2011 c. 2 025328 17/02/2020 24/01/2020 c. 2 07/07/2018 General Collection
Designed with assistance from East African Informatics Ltd